000 01023nam a2200301 a 4500
999 _c447627
_d447627
003 BLK
005 20250403140018.0
008 180412b bul|||||r ||||||| ||bul||
010 _aKNG00005368000
020 _a9789542837459
040 _aBLK
041 _aBUL
_cBUL
080 _aАнглийска литература
_b821.111
_x-31
_z821.111-31
100 _aХоутън, Емили
_eпърви автор
_9471248
139 _aХоутън, Емили
_bХ 70
240 _aBefore I Saw You
245 1 0 _aПреди да те видя
_bРоман
_cЕмили Хоутън; прев. от англ. Йолина Миланова.
257 _aBGR
260 _aСофия
_bСиела Норма
_c2022
_9217021
300 _a347 с.
_c21 см
380 _aX
700 _aМиланова, Йолина Антонова
_eпрев. от англ.
_9363658
856 4 _qpdf
_u
856 4 _qpdf
_u
942 _cKNG
_n0
_068
_s1
944 _k30575
_lМартин Енчев
999 _d447627